|
|
|
|
| LEADER |
01273nam a22002897a 4500 |
| 001 |
40511 |
| 003 |
BD-DhAAL |
| 005 |
20230216131825.0 |
| 008 |
230216t19741963|||||||| b||| 001 0 eng d |
| 020 |
|
|
|a 67000166-X
|
| 040 |
|
|
|a BD-DhAAL
|
| 082 |
|
|
|a 321.094
|2 23
|
| 100 |
|
|
|a Arendt, Hannah,
|d 1906-1975.
|
| 245 |
|
|
|a On revolution /
|c Hannah Arendt
|
| 260 |
|
|
|a New York,
|b The Viking press,
|c 1974
|
| 300 |
|
|
|a 344 pages ;
|c 20 cm.
|
| 490 |
|
|
|a Compass books
|
| 500 |
|
|
|a Originally published: New York : Viking Press, c1963.
|
| 504 |
|
|
|a Includes bibliographical references (p. [317]-324) and index.
|
| 505 |
|
|
|a War and revolution
The meaning of revolution
The social question
The pursuit of happiness
Foundation I: Constitutio libertatis
Foundation II: Novus Ordo Saeclorum
The revolutionary tradition and its lost treasure.
|
| 541 |
|
|
|a Akbar Ali Khan Collections
|e 40511
|
| 650 |
|
|
|a Revolutions.
|9 53652
|
| 830 |
|
|
|a Compass books.
|9 53653
|
| 852 |
|
|
|a Ayesha Abed Library
|c Akbar Ali Khan Collection
|
| 942 |
|
|
|2 ddc
|c BK
|
| 999 |
|
|
|c 45504
|d 45504
|
| 952 |
|
|
|0 0
|1 0
|2 ddc
|4 0
|6 321_094000000000000_ARE
|7 1
|9 73239
|a BRACUL
|b BRACUL
|c AAKC
|d 2023-02-16
|e Donated by Akbar Ali Khan
|g 1074.87
|l 0
|o 321.094 ARE
|p 3010040511
|r 2023-02-16
|t 1
|v 1074.87
|w 2023-02-16
|y BK
|x amazon.co.uk
|